Vẽ Kỹ thuật cơ khí (Sách dùng cho các trường đại học kỹ thuật) Tập 1

Nội dung nói về dụng cụ vẽ và cách sử dụng, vẽ kỹ thuật trợ giúp bằng máy tính điện tử, tiêu chuẩn về trình bày bản vẽ kỹ thuật, vẽ hình học, biểu diễn vật thể, biểu diễn đối tượng trong CADD, hình chiếu trục đo và hình chiếu phối...

Deskribapen osoa

Gorde:
Xehetasun bibliografikoak
Egile nagusia: Trần Hưu Quế (Chủ biên)
Beste egile batzuk: Đặng Văn Cứ, Nguyễn Văn Tuấn
Formatua: Liburua
Hizkuntza:Vietnamese
Argitaratua: H. Giáo dục 2016
Edizioa:Tái bản lần thứ 7
Gaiak:
Etiketak: Etiketa erantsi
Etiketarik gabe, Izan zaitez lehena erregistro honi etiketa jartzen!
Thư viện lưu trữ: Thư viện Trường Đại học Nam Cần Thơ
LEADER 01540nam a22002297a 4500
001 NCT_27832
008 180224b xxu||||| |||| 00| 0 vie d
999 |c 1333  |d 1333 
020 |a 9786040037718  |c 50000 
082 0 4 |2 23rd ed.  |a 604.2076  |b Qu250/T.1 
100 1 |a Trần Hưu Quế  |e Chủ biên 
245 1 |a Vẽ Kỹ thuật cơ khí  |n Tập 1  |b (Sách dùng cho các trường đại học kỹ thuật)  |c Trần Hữu Quế (chủ biên), Đặng Văn Cứ, Nguyễn Văn Tuấn 
250 |a Tái bản lần thứ 7 
260 |a H.  |b Giáo dục  |c 2016 
300 |a 227 tr.  |b Hình ảnh  |c 27cm 
520 3 |a Nội dung nói về dụng cụ vẽ và cách sử dụng, vẽ kỹ thuật trợ giúp bằng máy tính điện tử, tiêu chuẩn về trình bày bản vẽ kỹ thuật, vẽ hình học, biểu diễn vật thể, biểu diễn đối tượng trong CADD, hình chiếu trục đo và hình chiếu phối cảnh, xây dựng hình biểu diễn nỗi và tạo hình ảnh thực, biểu diễn ren và chi tiết ghép. 
653 |a Công nghệ kỹ thuật ô tô 
700 1 |a Đặng Văn Cứ 
700 1 |a Nguyễn Văn Tuấn 
942 |2 ddc  |c BK 
952 |0 0  |1 0  |2 ddc  |4 0  |6 604_207600000000000_QU250_T_1  |7 0  |9 6659  |a 000001  |b 000001  |d 2018-02-24  |o 604.2076 Qu250/T.1  |p MD.09849  |r 2018-02-24  |v 50000.00  |w 2018-02-24  |y BK 
980 |a Thư viện Trường Đại học Nam Cần Thơ